000 01523cam a2200229 4500
001 ABS67099
008 030930n2003 000 0 eng u
035 _a(Sirsi) u123750
100 _aJohnston, B.
245 _aTools for the electronic age
260 _c2003
490 _aPlanning (for the Natural and Built Environment)
_v(1536) 12 September 2003, 15-16(2)
520 _aLooks at the ever-increasing application of GIS technology to planning services in the context of the government's e-government demand that all local authority services should be able to deliver 100% of their services electronically by 2005. Examines efforts by the GIS producers to meet the challenge of creating inter-operable systems, which can integrate data from different sources and systems and on developing public interfaces to the systems. Examines in detail a recent review carried out by Peter Pendleton and Associates, which assessed 371 local authority planning websites in terms of their public interest and usability. Describes examples of electronic planning service delivery such as online application submissions and stresses the importance of understanding users' needs. Concludes that the majority of planning authorities will meet their 2005 etargets.
590 _aABS
650 _aELECTRONIC PLANNING SYSTEMS
650 _aONLINE PLANNING
650 _aGIS
650 _aLAND SEARCHES
650 _aDEVELOPMENT CONTROL
690 _aENVIRONMENTAL AND LAND CONSULTANCY-PLANNING AND DEVELOPMENT
942 _n0
999 _c73480
_d73480